| 000 | 00579 a2200169 4500 | ||
|---|---|---|---|
| 020 | _a969402322X | ||
| 020 | _a9789694023229 | ||
| 090 |
_c1530 _d1530 |
||
| 100 | 1 | _aBurki, Shahid Javed. | |
| 245 | 1 | 2 |
_aA revisionist history of pakistan / _cShahid Javed Burki. |
| 260 |
_a[S.l.] : _bVanguard, _c1998. |
||
| 300 | _a104 p. | ||
| 500 | _aUnknown Binding. | ||
| 856 | 4 | 0 |
_3Amazon.com _uhttp://www.amazon.com/exec/obidos/ASIN/969402322X/chopaconline-20 |
| 856 | 4 | 0 |
_3Amazon customer reviews _uhttp://www.chopac.org/cgi-bin/tools/azrev.pl?q=969402322X |
| 942 |
_aNBS _cBK _k954.91 BUR |
||
| 999 |
_c344049 _d344049 |
||